000 00615nam a22002177a 4500
003 UA-OsUOA
001 86917
007 ta
008 20120912b un ||||| |||| 00| 0 ukr d
090 _a94(477)
_bО -31
942 _cBK
040 _aUA-OsUOA
_brus
_cUA-OsUOA
_dUA-OsUOA
245 _aОвеянный славой имена
_bГерои Советского Союза. Уроженцы Винниччины
_cРед. Моисеева Н. А.
300 _a309 с.
955 _a4
041 _arus
080 _a94(477)
260 _aОдесса
_b"Маяк"
_c1989
650 7 _2UDC
999 _c373106
_d373106